000 01006nam a2200289 i 4500
003 EG-GICUC
005 20260323173247.0
008 260323s1950 ua ||||fr|||| 00| 0 fre d
040 _aEG-GiCUC
_bfre
_cEG-GiCUC
_dEG-GiCUC
_eRda
082 0 4 _221
_a341.851
_bMO . O
092 0 4 _221
099 _aLaw1 12 341.851 MO . O 1950
100 1 _aMosallem,Ahmed
_eAuteur
245 _aL’Ordre Public Devant Le Juge Egyptien :
_bÉtude Comparative de Droit International Privé /
_cAhmed Mosallem .
264 1 _aLe Caire :
_bImp.Université Fouad ,
_c1950 .
300 _a202 page ;
_c24 cm.
336 _2rda contenu
_a texte
337 _2rda medias
_aOrdinateur
338 _2 transporteur rda
_a Ressource en ligne
504 _aBibliography: pages 200-250. 240-220
546 _aTexte en français
650 _aDroit International Privé
650 _aArbitrage - Droit international
856 4 0 _uhttps://fll.law.cu.edu.eg/fulltext/bks/B12-02881.pdf
905 _a59
942 _2ddc
_n0
_cBK
_e21
999 _c66545
_d66545